Informatika - motivačný predmet pre vysokoškolské technické štúdium : Dizertačná práca

Uložené v:
Podrobná bibliografia
Hlavný autor: Krajčí, Ľubomír, 1963- (Autor)
Ďalší autori: Budinec, Igor, 1940- (Vedúci práce)
Médium: Rukopis Kniha
Jazyk:Slovak
Vydavateľské údaje: 2006 : STU v Bratislave MtF KPIM, 2006
Predmet:
Tagy: Pridať tag
Žiadne tagy, Buďte prvý, kto otaguje tento záznam!

MARC

LEADER 00000ntm a22000003a 4500
001 stu143599
005 20160719155735.6
008 070730s2006----xo------------------slo-d
040 |a STU  |b slo 
041 0 |a slo 
044 |a xo 
100 1 |a Krajčí, Ľubomír,  |d 1963-  |4 aut  |X 60246  |7 A000060246 
245 1 |a Informatika - motivačný predmet pre vysokoškolské technické štúdium :  |b Dizertačná práca 
260 |a 2006 :  |b STU v Bratislave MtF KPIM,  |c 2006 
300 |a 73 s  |c autoreferát 
500 |a Číslo vedného odboru: 75-02-9 
650 7 |a motivácia študentov  |2 stusub 
700 1 |a Budinec, Igor,  |d 1940-  |4 ths  |u M220  |U MTF Ústav inžinierskej pedagogiky a humatitných vied  |T MTF Katedra inžinierskej pedagogiky a psychológie  |X 3631  |U M220  |Y M220  |7 A000003631 
996 |b 284M076721  |c M*DzP-61  |l MMSKP  |s P  |a 0  |w stu143599_0001